| 000 | 00908nas a2200289 4500 | ||
|---|---|---|---|
| 001 | BR2015007019 | ||
| 003 | BR-BrBNA | ||
| 005 | 20231205130030.0 | ||
| 007 | ta | ||
| 008 | 230509b bl.|||p| |||| 00| 00por d | ||
| 040 |
_aBR-BrBNA _bpor _cBiblioteca Nacional de Agricultura |
||
| 041 | _a(En) | ||
| 072 | _aQ04 | ||
| 100 | 1 | _aSforcin, J.M. | |
| 100 | 1 | _aNovelli, E.L.B. | |
| 100 | 1 | _aFunari, S.R.C. | |
| 245 | 1 | _aSeasonal effect of Brazilian propolis on seric biochemical variables | |
| 650 | _aPROPOLIS | ||
| 650 | _aPRODUTO DE ORIGEM ANIMAL | ||
| 650 | _aBIOQUIMICA | ||
| 650 | _aANALISE COMPARATIVA | ||
| 650 | _aVARIACAO SAZONAL | ||
| 773 | 0 |
_tJournal of Venomous Animals and Toxins (Brazil) _xISSN 1678-4936 _g(2002), v. 8(2) p. 244-254 _wBR2015007019 |
|
| 856 | 4 | 0 | _uhttp://dx.doi.org/10.1590/S0104-79302002000200004 |
| 909 |
_a202311 _bLúcia _c55 _dLúcia Elande |
||
| 942 |
_2AGRIS _n0 _cANA |
||
| 999 |
_c247534 _d247534 |
||